| Tag |
First Indicator |
Second Indicator |
Subfields |
| LEADER |
00000cam a2200000 4500 |
| 001 |
in00000022608 |
| 005 |
20151007064050.0 |
| 008 |
800703m19529999wb 00010 ger |
| 010 |
|
|
|a 53019126
|
| 035 |
|
|
|a (OCoLC)06484684
|
| 035 |
|
|
|9 AAD8963AM
|
| 040 |
|
|
|a DLC
|c TXA
|d UtOrBLW
|
| 049 |
|
|
|a TXAM
|v [268435]
|
| 050 |
|
0 |
|a PT1682
|b .A1 1952
|
| 092 |
|
|
|a 831
|b W8617
|
| 100 |
0 |
|
|a Wolfram,
|c von Eschenbach,
|d active 12th century.
|
| 245 |
1 |
0 |
|a Wolfram von Eschenbach /
|c von Karl Lachmann.
|
| 250 |
|
|
|a 7 Ausg.,
|b neu bearb. und mit einem Verzeichnis der Eigennamen und Stammtafeln versehen, von Eduard Hartl.
|
| 264 |
|
1 |
|a Berlin :
|b W. de Gruyter,
|c 1952-
|
| 300 |
|
|
|a volumes ;
|c 24 cm.
|
| 336 |
|
|
|a text
|b txt
|2 rdacontent
|
| 337 |
|
|
|a unmediated
|b n
|2 rdamedia
|
| 338 |
|
|
|a volume
|b nc
|2 rdacarrier
|
| 505 |
0 |
|
|a 1. Bd. Lieder. Parzival. Titurel.
|
| 700 |
1 |
|
|a Lachmann, Karl,
|d 1793-1851.
|
| 999 |
|
|
|a MARS
|
| 999 |
f |
f |
|s e04d0c19-3839-3be1-99b0-689614084376
|i aa4daf20-dcd0-3ae2-8d82-91af468df6b5
|t 0
|
| 952 |
f |
f |
|p ric
|a Texas A&M University
|b Rellis Campus
|c Joint Library Facility
|d Remote Storage
|t 0
|e PT1682 .A1 1952
|h Library of Congress classification
|i unmediated -- volume
|m A14801352025
|
| 998 |
f |
f |
|a PT1682 .A1 1952
|s Bd.1
|t 0
|l Remote Storage
|